| 000 | 00618nam a2200241Ia 4500 | ||
|---|---|---|---|
| 003 | OSt | ||
| 005 | 20220924113207.0 | ||
| 006 | a|||||r|||| 00| 0 | ||
| 007 | ta | ||
| 008 | 220923b |||||||| |||| 00| 0 ara d | ||
| 024 | _a2687 | ||
| 037 | _cDictionary | ||
| 040 |
_aARTS _cARTS _bara |
||
| 041 |
_2ara _aara |
||
| 082 | _aP28:4k, 168G3 | ||
| 100 |
_aMohammad G _9169671 |
||
| 245 | 0 | _aTasheel al arabiya | |
| 260 | _c1933 | ||
| 650 | _aLINGUISTICS | ||
| 700 |
_a Ghulam Mohammad _9169672 |
||
| 942 |
_hP28:4k, 168G3 _cdic _2cc |
||
| 999 |
_c389502 _d389502 |
||